Score 0/21 Timer 02:00
4 Plays Today
Clue 4-Letter Answer % Correct
More than 3, less than 5FOUR
98.9%
One of these has 12 inchesFOOT
95.3%
One of the deadly sinsLUST
94.8%
It's oxidation on ironRUST
94.7%
Mysterious island-based ABC TV seriesLOST
94.3%
Ball hit out of the basepaths in baseballFOUL
93.9%
Pirates bountyLOOT
93.6%
Court jesterFOOL
92.7%
The rear sideBACK
92.2%
⋆ Afflicted by an illness ⋆⋆ SICK ⋆
91.4%
A large bag, often made of burlapSACK
90.6%
Clue 4-Letter Answer % Correct
State of lacking lightDARK
89.2%
⋆ As seen on a menu, soup du ____⋆ JOUR ⋆
88.2%
⋆ Meat from a pig ⋆⋆ PORK ⋆
88.2%
Leave an immobile car in a lotPARK
88%
Cheney or Clark, for exampleDICK
87.6%
Relax in the warmth of the sunBASK
86.2%
⋆ A red and/or sore spot on the skin ⋆⋆ RASH ⋆
82.9%
A short daggerDIRK
81.6%
HoF Canadian band of 'Tom Sawyer'RUSH
81.2%
Hit with a smashing blowBASH
81%

Today's Daily Dose

Missing Word
Entertainment W

Word Ladder
Minecraft Ores

Quick Pick
'Lady' Movies

Come Together.
Have Fun.
All Virtual.
We all need to come together. Play Sporcle's virtual live trivia to have fun, connect with people, and get your trivia on. Join a live hosted trivia game for your favorite pub trivia experience done virtually. If a virtual private party is more your thing, go here for details.

You're not logged in!

Compare scores with friends on all Sporcle quizzes.
OR
Log In

Sporcle TV

Today on Sporcle TV


Watch our educational content, quiz creation guides, and fun videos on Sporcle TV.

Show Comments

Extras

Top Quizzes Today


Score Distribution

Paid Content

Your Account Isn't Verified!

In order to create a playlist on Sporcle, you need to verify the email address you used during registration. Go to your Sporcle Settings to finish the process.

Report this User

Report this user for behavior that violates our Community Guidelines.

Details: